000 nam a22 7a 4500
999 _c46954
_d46954
003 OSt
005 20190430144216.0
008 190430b xxu||||| |||| 00| 0 eng d
040 _cIIMT COLLEGE OF LAW,GREATER NOIDA
100 _aPRASAD,ANIRUDH
245 _aINTERPRETATION OF STATUS(HINDI)
260 _aALLAHABAD
_bC.L.A.
_c2018
942 _2ddc
_c02